| 000 | nam a22 7a 4500 | ||
|---|---|---|---|
| 999 |
_c44090 _d44090 |
||
| 003 | OSt | ||
| 005 | 20180501152118.0 | ||
| 008 | 180501b xxu||||| |||| 00| 0 eng d | ||
| 040 | _cIIMT UNIVERSITY, MEERUT | ||
| 050 | _b238 | ||
| 082 |
_22ND _a624.15136 _b238 |
||
| 100 | _aKHANNA,J | ||
| 245 |
_aHIGHWAY ENGINEERING _cAUTHOR _hENGLISH |
||
| 250 | _a2ND ED. | ||
| 260 |
_aROORKEE _bNEM CHAND _c2010 |
||
| 300 |
_b2ND ED.592 PP. _ePAPERBACK |
||
| 700 | _aKHANNA, J | ||
| 760 | _b2ND ED. | ||
| 856 | _3PAPERBACK | ||
| 887 | _2ACCESSION REGISTER | ||
| 942 |
_2ddc _c01 _e2ND _h624.151KHA _iTITLE _kBOOK _m624.151 KHA _n624.151 KHA |
||